El área afectivo-social en niños de preescolar : un proyecto de intervención /

Na minha lista:
Detalhes bibliográficos
Autor principal: Centeno Levy, Claudia (autor)
Formato: Tesis Livro
Idioma:espanhol
Assuntos:
Tags: Adicionar Tag
Sem tags, seja o primeiro a adicionar uma tag!

MARC

LEADER 00000nam^a2200000^a^4500
001 000143217
005 20250521000000.0
009 20260310095717.661
037 |a Acervo ITESO - Biblioteca 
041 |a ESP 
090 |a PED. 8 
100 |a Centeno Levy, Claudia  |e (autor) 
245 1 3 |a El área afectivo-social en niños de preescolar :  |b un proyecto de intervención /  |c C. Centeno Levy. 
264 |a Guadalajara, México :  |b edición de autor,  |c 2002 
300 |a 1 disco compacto de computadora 
336 |a datos para computadora  |b cod  |2 rdacontenido 
337 |a computadora  |b c  |2 rdamedio 
338 |a disco de computadora  |b cd  |2 rdasoporte 
502 |a ITESO Tesis de Licenciatura en Pedagogía 
649 |a XX 
650 |a Niños 
650 |a Afectividad 
650 |a Autoestima 
650 |a Comunicación Personal 
650 |a Socialización 
650 |a Comportamiento Social 
650 |a Hogar y Escuela 
650 |a Comunidad y Escuela 
650 |a Psicología Social 
650 |a Educación Preescolar 
910 |a Fondo General 
920 |a Electrónicos - Tesis del ITESO en Disco 
905 |a 202 
901 |a 0500274731  |b IT2  |c STS  |u 20250521 
902 |a https://opac.biblio.iteso.mx/vufind/Record/000143217